Laddar...

Conducting sales and marketing training /

Bibliografiska uppgifter
Huvudupphovsman: Forsyth, Patrick
Materialtyp: Printed Book
Publicerad: New Delhi : Infinity Books , 2005.
Ämnen:
LEADER 00441cam a2200133ua 4500
082 1 4 |a 658.31243  |b FOR-C 
100 1 |a Forsyth, Patrick . 
245 1 0 |a Conducting sales and marketing training /  
260 |a New Delhi :   |b Infinity Books ,   |c 2005. 
300 |a 328p. ;  
650 0 |a Marketing training 
942 |c BK 
999 |c 38268  |d 38268 
952 |0 0  |1 0  |4 0  |6 658_312430000000000_FORC  |7 0  |9 48986  |a KU  |b KU  |d 2015-07-05  |l 0  |o 658.31243 FOR-C  |p MB03422  |r 2020-12-24  |y BK